Propuesta de diseño de aplicación informática para la simulación de un controlador difuso de temperatura de un horno panadero

Presenta el diseño de un software que se comunica con una tarjeta electrónica de la plataforma Arduino, de tal manera que, ambos en conjunto, permitan simular un controlador difuso para el control de temperatura de un horno panadero. Se diseña una interfaz gráfica de usuario que permita la inte...

Full description

Bibliographic Details
Main Author: Canales López, Carlos de Jesús
Other Authors: Tutor: Zepeda Palacios, Humberto Francisco
Format: Tesis Section = Libro
Language:Undetermined
Spanish
Published: Managua UNI 2019
Subjects:
LEADER 01255nam a2200265Ia 4500
008 240830s9999 xx 000 0 und d
040 |a BIBLIOTECA-RUSB/ Mon 005.1 C212 
041 |a spa 
082 |a Mon 005.1 C212 
100 1 |a Canales López, Carlos de Jesús 
245 1 0 |a Propuesta de diseño de aplicación informática para la simulación de un controlador difuso de temperatura de un horno panadero 
260 |a Managua  |b UNI  |c 2019 
300 |a 93 p. :il. 
500 |a Contiene: anexos y CD. 
502 |a Tesis (Ingeniero en Computación) - UNI, 2019. 
520 3 |a Presenta el diseño de un software que se comunica con una tarjeta electrónica de la plataforma Arduino, de tal manera que, ambos en conjunto, permitan simular un controlador difuso para el control de temperatura de un horno panadero. Se diseña una interfaz gráfica de usuario que permita la interacción de un usuario con el simulador difuso. 
650 7 |a DISEÑO DE SOFTWARE 
650 7 |b  DESARROLLO DE SOFTWARE 
650 7 |c  INGENIERIA DE SOFTWARE 
650 7 |d  ARDUINO (CONTROLADOR PROGRAMABLE) 
650 7 |e  HORNO-CONTROL DE TEMPERATURA 
700 1 |a Tutor:  |b Zepeda Palacios, Humberto Francisco 
942 |c BK  |2 ddc 
991 |a TESIS 
999 |c 19669